000 00367nam a2200157Ia 4500
008 210719s1977 xx 000 0 und d
020 _a031035711X
041 _aeng
082 _a150.1 COSE
100 _aCOSGROVE (Mark P)
245 _aEssence of human nature.
260 _aTexas
_bZondervan
_c1977
300 _a77
_bPB
365 _cRs
650 _aPsychology
999 _c213609
_d213609